| 000 | 00883nam a2200289 a 4500 | ||
|---|---|---|---|
| 999 |
_c1655 _d1655 |
||
| 001 | 017613607 | ||
| 003 | UkOxU | ||
| 005 | 20230118082953.0 | ||
| 007 | ta | ||
| 008 | 100316r20101998enk j 000|1 eng|d | ||
| 020 | _a9781444001792 (pbk.) : | ||
| 035 | _a(UK-WkNB)9781444001792 | ||
| 035 | _a(StEdALDL)1/2394681 | ||
| 040 |
_aUK-WkNB _beng _cUK-WkNB _dUkOxU _dKH8 |
||
| 082 | _a823.914 GIB | ||
| 100 | 1 |
_aGibbons, Alan, _d1953- _eauthor |
|
| 245 | 1 | 0 |
_aInjury time / _cAlan Gibbons. |
| 260 |
_aLondon : _bOrion Children's Books, _c2010. |
||
| 300 |
_a152 p. ; _c20 cm. |
||
| 490 | 1 | _aTotal football | |
| 500 | _aFirst published: 1998. | ||
| 500 | _a"The fourth novel in an action-packed series"--P. [4] of cover. | ||
| 650 | 0 | _aSoccer stories, English. | |
| 650 | 0 |
_aEpilepsy _vJuvenile fiction. |
|
| 800 | 1 |
_aGibbons, Alan _d1953- _tTotal football ; _v4. |
|
| 942 |
_2ddc _cNFIC |
||